Cenotvorba a cenové stratégie v priebehu životného cyklu produktu diplomová práca

Salvato in:
Dettagli Bibliografici
Autore principale: Győri, Kristóf
Ente Autore: Fakulta podnikového manažmentu EU. Katedra podnikovohospodárska
Altri autori: Kufelová, Iveta, 1970-
Natura: Libro
Lingua:slovacco
Pubblicazione: Bratislava 2022
Tags: Aggiungi Tag
Nessun Tag, puoi essere il primo ad aggiungerne!!

MARC

LEADER 00000nbm a2200000 4500
001 0285606
005 20230216095717.7
041 0 |a slo 
044 |a SK 
245 1 0 |a Cenotvorba a cenové stratégie v priebehu životného cyklu produktu  |b diplomová práca  |c Kristóf Győri ; školiteľ: Iveta Kufelová 
264 1 |a Bratislava  |c 2022 
300 |a 59 s. 
100 1 |a Győri, Kristóf 
700 1 |a Kufelová, Iveta, 1970- 
710 2 |a Fakulta podnikového manažmentu EU. Katedra podnikovohospodárska